01883 2200277 4500001002100000005001500021035002000036007000300056008004100059020002200100082001600122084002200138100002700160245012200187250001100309300004600320650001400366650001800380700003000398336002100428337003000449338002300479264007400502520101200576990001701588INLIS00000000150484120260630103903 a0010-0626000036ta260630 g 0 ind  a978-602-322-069-4 a631.338 439 a631.338 439 ABD m0 aAbdul BasitePengarang1 aMenggapai Pertanian Maju, Mandiri, Modern :bDari perspektif dan langkah ASN pertanian /cAbdul Basit, Sudi Mardianto aCet. 1 aviii, 354 halaman. :bilustrasi ;c23 cm. 4apertanian 4aASN pertanian0 aSudi MardiantoePengarang 2rdacontentateks 2rdamediaatanpa perantara 2rdacarrieravolume aBogor :bPusat Perpustakaan dan Penyebaran Teknologi Pertanian,c2021 aBuku ini membedah bagaimana sektor pertanian Indonesia bertransformasi dari sistem konvensional menuju ekosistem yang Maju, Mandiri, dan Modern. Berbeda dari buku teks pertanian biasa, buku ini mengambil sudut pandang atau perspektif dari ASN (Aparatur Sipil Negara) lingkungan pertanian sebagai motor penggerak birokrasi, penyuluh, dan pelaksana kebijakan di lapangan Di dalam buku ini dibahas mengenai:Modernisasi & Teknologi: Pentingnya penerapan teknologi terapan, mekanisasi, hingga inovasi digital (seperti smart farming dan media penyuluhan berbasis teknologi digital) untuk meningkatkan efisiensi dan daya saing usaha tani Kemandirian Pangan: Langkah strategis dalam membangun ketahanan dan swasembada pangan nasional agar tidak bergantung pada komoditas impor. Peran ASN sebagai Agen Perubahan: Bagaimana birokrasi pertanian dan para penyuluh di lapangan harus mengubah pola pikir, meningkatkan kompetensi, serta menerapkan langkah nyata untuk mendampingi petani milenial dan kelembagaan petani. a2022/HD/0514